| 000 | 00552nam a2200181 i 4500 | ||
|---|---|---|---|
| 001 | 72716 | ||
| 003 | ES-MaACL | ||
| 005 | 20230906171530.0 | ||
| 007 | t| | ||
| 008 | 040902s1967 sp ||||1| spa d | ||
| 100 | 1 |
_aGörlich, Ernest J. _959191 |
|
| 245 | 1 | 0 |
_aHistoria del mundo / _cErnst J. Goerlich ; [traducido por Mariano Orta Manzano]. |
| 250 | _a[1ª ed.]. | ||
| 260 |
_aBarcelona : _bMartínez Roca, _c[1967] |
||
| 300 |
_aXVI, 596 p., 84 lám. ; _c24 cm. |
||
| 700 | 1 |
_aOrta Manzano, Mariano. _987384 |
|
| 852 |
_aES-MaACL _jC-33963 _bR.64690 |
||
| 999 |
_c72716 _d72716 |
||